Поэма о сапогах: Повесть, рассказы

Bibliografiske detaljer
Hovedforfatter: Амиргулова В. И. Валентина Ивановна
Andre forfattere: Бочаров В. (иллюстратор)
Summary:Исключено из фонда НТБ ТПУ
Sprog:russisk
Udgivet: Тула, Приокское кн. изд-во, 1991
Format: MixedMaterials Bog
KOHA link:https://koha.lib.tpu.ru/cgi-bin/koha/opac-detail.pl?biblionumber=131805

MARC

LEADER 00000nam0a2200000 4500
001 131805
005 20231031134617.0
010 |a 5763902211 
035 |a (RuTPU)RU\TPU\book\142737 
090 |a 131805 
100 |a 20080222d1991 m y0rusy50 ca 
101 0 |a rus 
102 |a RU 
105 |a a z 000ay 
200 1 |a Поэма о сапогах  |e Повесть, рассказы  |f В. И. Амиргулова  |g худож. В. Бочаров 
210 |a Тула  |c Приокское кн. изд-во  |d 1991 
215 |a 160 с.  |c ил. 
333 |a Исключено из фонда НТБ ТПУ 
700 1 |a Амиргулова  |b В. И.  |g Валентина Ивановна 
702 1 |a Бочаров  |b В.  |4 440 
801 1 |a RU  |b 63413507  |c 20080222  |g PSBO 
801 2 |a RU  |b 63413507  |c 20160314  |g RCR 
942 |c BK